000 00539nam a2200205Ia 4500
005 20250923145825.0
008 008 250917s9999 xx 000 0 eng d
037 _aTextual
040 _aDSWL
_beng
_cDSWL
041 _aeng
_2eng
084 _aS8, N
_qDSWL
100 _aBonner, H.
_9839298
245 0 _aSocial psychology: An Interdisciplinary aproach
_cby H. Bonner
260 _aNew Delhi
_bEurasia
300 _a439p.
365 _aINR
_b8.00
925 _g8.00
942 _cTEXL
_hS8, N
999 _c1456127
_d1456127